000 00651nam a2200205 a 4500
001 0696
005 20140414132143.0
008 040927s19uu xx 00 eng d
020 _a978-0-439-04588-6
050 _aKIT (LCER) 649.122
_bC16 1999
100 _aCanizares, Susan
245 _aBabies /
_cSusan Canizares, Pamela Chanko.
260 _aNew York :
_bScholastic,
_c1999.
300 _a1 v. (unp.) : ill. ; cm.
440 _aLearning center emergent readers
520 _aPhotographs and simple text explore the word of babies and their needs.
650 _aInfants--care
_xJuvenile literature.
999 _c115386
_d115386